00000000cam 2200000zi 4500
0019.945835
003CaOODSP
00520260407143923
006m     o  d f      
007cr cn|||||||||
008241203s2025    onca    o    f000 0 eng d
020 |a9780660747569
040 |aCaOODSP|beng|erda|cCaOODSP
043 |an-cn---
0861 |aH14-646/2025E-PDF
24500|aGetting high can leave you feeling low.
264 1|a[Ottawa] : |b[Health Canada = Santé Canada], |c[2025]
300 |a1 online resource (1 unnumbered page) : |billustrations
336 |atext|btxt|2rdacontent
337 |acomputer|bc|2rdamedia
338 |aonline resource|bcr|2rdacarrier
500 |aCaption title.
500 |aIssued also in French under title: La consommation de cannabis vient avec des hauts et des bas.
520 |a"Some people use cannabis to relax or cope. But it can actually make things worse. Daily or near daily use can increase symptoms of anxiety or depression and can harm memory and attention span"--Page [1].
650 0|aCannabis|xHealth aspects|zCanada.
650 0|aMarijuana abuse|zCanada|xPrevention.
7101 |aCanada. |bHealth Canada, |eissuing body.
77508|tLa consommation de cannabis vient avec des hauts et des bas.|w(CaOODSP)9.945836
7760#|tGetting high can leave you feeling low.|w(CaOODSP)9.945837
85640|qPDF|s1.33 MB|uhttps://publications.gc.ca/collections/collection_2025/sc-hc/H14-646-2025-eng.pdf
8564 |qHTML|sN/A|uhttps://www.canada.ca/en/health-canada/services/publications/drugs-health-products/poster-cannabis-getting-high-leave-you-feeling-low.html
986 |a240677